00681nam a2200241 a 4500001001300000003000900013005001700022008004100039020002300080082001300103100002100116245002400137260004000161300000900201500003500210505001200245650001300257700002100270902000800291942000700299952011600306999001700422nice12345678IN_TiNIC20260116014934.0100923s1969 jeda grp 000 0 eng  a0340043067 c10000a200bEDW aEdwards, L David aReligion and Change aJeddahbHodder and Stoughton c1969 a383p aincludes index and biblioraphy2 aIndices aReligion1 aEdwards, L David bSRS cBK 001040708StackRoom-aHMIbHMId2010-09-23g100.00l0o200 EDWp11002240r2010-09-23v100.00w2010-09-23yBK c17630d17630